Buy-to-let investors not selling (Record no. 117408)

MARC details
000 -LEADER
fixed length control field 01346cam a2200229 4500
001 - CONTROL NUMBER
control field WB4020-09
008 - FIXED-LENGTH DATA ELEMENTS--GENERAL INFORMATION
fixed length control field 040527n2004 000 0 eng u
035 ## - SYSTEM CONTROL NUMBER
System control number (Sirsi) u126299
245 ## - TITLE STATEMENT
Title Buy-to-let investors not selling
260 ## - PUBLICATION, DISTRIBUTION, ETC.
Date of publication, distribution, etc. 2004
490 ## - SERIES STATEMENT
Series statement RICS News Service
Volume/sequential designation (052) 28 May 2004 (3)
520 ## - SUMMARY, ETC.
Summary, etc. "RICS residential lettings survey Great Britain" for the three months to the end of April 2004 shows that there is little evidence that buy-to-let investors want to sell up despite recent interest rate increases and speculation about a housing market. Slight upward pressure on rents caused by stronger tenant demand is expected to continue. In April, 23% more surveyors reported a rise in lettings activity than a fall, 8% more surveyors reported higher rents than a fall and 22% more surveyors reported a rise in new instructions than a fall. The survey is available at http://www.rics.org/resources/economic_analysis/re sidential_market_survey.html. http://www.rics.org/ricscms/bin/show?class=PressRe lease&template=/includes/showpr.html&id=1184&facul ty=RICS
590 ## - LOCAL NOTE (RLIN)
Local note WB
590 ## - LOCAL NOTE (RLIN)
Local note WB
650 ## - SUBJECT ADDED ENTRY--TOPICAL TERM
Topical term or geographic name entry element RICS RESIDENTIAL LETTINGS SURVEY GREAT BRITAIN
650 ## - SUBJECT ADDED ENTRY--TOPICAL TERM
Topical term or geographic name entry element LETTINGS MARKET SURVEY
650 ## - SUBJECT ADDED ENTRY--TOPICAL TERM
Topical term or geographic name entry element BUY-TO-LET
650 ## - SUBJECT ADDED ENTRY--TOPICAL TERM
Topical term or geographic name entry element RENTAL SECTOR
650 ## - SUBJECT ADDED ENTRY--TOPICAL TERM
Topical term or geographic name entry element RENTAL PRICES
690 ## - LOCAL SUBJECT ADDED ENTRY--TOPICAL TERM (OCLC, RLIN)
Topical term or geographic name as entry element HOUSING-MARKET
942 ## - ADDED ENTRY ELEMENTS (KOHA)
Suppress in OPAC 0
Holdings
Withdrawn status Lost status Source of classification or shelving scheme Damaged status Not for loan Home library Current library Shelving location Date acquired Total Checkouts Full call number Barcode Date last seen Copy number Price effective from Koha item type
    Dewey Decimal Classification     London London News article 27/05/2004   WB4020-09 126299-1001 06/08/2019 1 06/08/2019 News article